[Event "BCF-chT4 0506 (4NCL)"]
[Site "West Bromwich"]
[Date "2006.02.11"]
[Round "5.5"]
[White "Kitchen, Peter J"]
[Black "Burgess, Thomas"]
[Result "1/2-1/2"]
[WhiteElo "1716"]
[BlackElo "1820"]
[PlyCount "41"]
[EventDate "2005.11.05"]
[EventType "team-tourn"]
[EventRounds "11"]
[EventCountry "ENG"]
[SourceTitle "CBM 109 Extra"]
[Source "ChessBase"]
[SourceDate "2006.01.03"]
[SourceVersion "2"]
[SourceVersionDate "2006.01.03"]
[SourceQuality "1"]
[WhiteTeam "Celtic Tigers"]
[BlackTeam "Addlestone"]
[WhiteTeamCountry "ENG"]
[BlackTeamCountry "ENG"]

1. e4 e5 2. Nf3 Nc6 3. Bb5 Nf6 4. 0-0 Bc5 5. d3 d6 6. h3 h6 7. c3 0-0 8. Re1 Re8 9. Nbd2 a6 10. Ba4 b5 11. Bb3 Be6 12. Bc2 Bb6 13. Nf1 Bd7 14. Ne3 Kh7 15. Nf5 Ne7 16. g4 Nxf5 17. exf5 Bc6 18. Be3 Bxe3 19. Rxe3 Nd5 20. Re1 Nf4 21. Kh2 1/2-1/2